KOHA-Header-6

Born to Lead the life and times (Record no. 9420)

000 -LEADER
fixed length control field 00267nam a2200109Ia 4500
100 ## - MAIN ENTRY--AUTHOR NAME
Personal name S.M.Muneer
245 #0 - TITLE STATEMENT
Title Born to Lead the life and times
260 ## - PUBLICATION, DISTRIBUTION, ETC. (IMPRINT)
Place of publication Karachi
Name of publisher Prince Book
Year of publication 2003
300 ## - PHYSICAL DESCRIPTION
Number of Pages 376
942 ## - ADDED ENTRY ELEMENTS (KOHA)
Koha item type Books
Holdings
Withdrawn status Lost status Collection code Permanent Location Current Location Shelving location Date acquired Full call number Accession Number Koha item type
    English Literature MAJU MAJU Shelf No.A13 2019-09-14 954.03 5153 English Literature

Powered by Koha